| 000 | 01183pam a2200289 a 4500 | ||
|---|---|---|---|
| 001 | woodsedge00knig | ||
| 003 | CaSfIA | ||
| 005 | 20210119123723.0 | ||
| 007 | cr|||| | ||
| 008 | 870218s1987 nyu 000 1 eng | ||
| 010 | _a 87006076 | ||
| 040 |
_aDLC _cDLC _dBTCTA _dYDXCP _dCaSfIA |
||
| 020 |
_a0802709567 : _c$16.95 |
||
| 020 | _a9780802709561 | ||
| 035 | _a(OCoLC)15283520 | ||
| 050 | 0 |
_aPS3561.N437 _bW6 1987 |
|
| 082 | 0 |
_a813/.54 _219 |
|
| 100 | 1 | _aKnight, Barbara. | |
| 245 | 1 | 0 |
_aWoodsedge / _h[electronic resource] _cBarbara Knight. |
| 260 |
_aNew York : _bWalker, _c1987. |
||
| 300 |
_a270 p. ; _c22 cm. |
||
| 856 | 4 | 1 |
_uhttp://www.archive.org/details/woodsedge00knig _zFree eBook from the Internet Archive |
| 856 | 4 | 2 |
_uhttp://www.openlibrary.org/books/OL2377669M _zAdditional information and access via Open Library |
| 942 | _cEB | ||
| 506 | _fНеобхідна авторизація на https://archive.org/ (створення облікового запису безкоштовно) | ||
| 506 | _fНеобхідна авторизація на https://openlibrary.org/ (створення облікового запису безкоштовно) | ||
| 999 |
_c567681 _d567681 |
||